Štatistická ročenka hlavného mesta SR Bratislavy 2011

Guardado en:
Detalles Bibliográficos
Formato: Libro
Lenguaje:eslovaco
inglés
Publicado: Bratislava Štatistický úrad Slovenskej republiky 2011
Materias:
Etiquetas: Agregar Etiqueta
Sin Etiquetas, Sea el primero en etiquetar este registro!

MARC

LEADER 00000nam a2200000 4500
001 0155315
005 20240509072612.8
020 |a 978-80-8121-105-8 
041 0 |a slo 
041 0 |a eng 
044 |a SK 
245 1 0 |a Štatistická ročenka hlavného mesta SR Bratislavy 2011 
264 1 |a Bratislava  |b Štatistický úrad Slovenskej republiky  |c 2011 
300 |a 210 s. 
500 |a Zdroj dokumentu: Štatistický úrad SR 
610 2 0 |a mestá 
610 2 0 |a Slovensko 
610 2 0 |a Bratislava